Anagrammes de pays du monde en 9 lettres - Statistiques

Statistiques générales
  • Ce quiz a été pris 544 fois
  • Le résultat moyen est 10 sur 14
Statistiques - réponses
Anagramme Pays % Correct
ENALEUVEZ Venezuela
94%
MALAGUETA Guatemala
85%
SEINDONIE Indonésie
85%
MAGELLANE Allemagne
83%
QUAIVELOS Slovaquie
83%
ZISWALAND Swaziland
83%
AURIGNACA Nicaragua
76%
SOUNGARIP Singapour
76%
NATHADLIE Thailande
75%
TANGERINE Argentine
73%
SALUTAIRE Australie
58%
SOCRATICA Costa Rica
58%
COMADIENE Macedoine
56%
SUSTENTAI Etats Unis
40%
Aucun quiz correspondant
Distribution des résultats
% des personnes avec chaque résultat
Percentile par nombre de réponses
Votre historique - résultats
Vous n’avez pas pris ce quiz